| 000 | 00698nam a2200181 i 4500 | ||
|---|---|---|---|
| 001 | 82569 | ||
| 003 | ES-MaACL | ||
| 005 | 20251110063222.0 | ||
| 007 | t| | ||
| 008 | 041111s1920 gw ||||1| ger d | ||
| 100 | 1 |
_aIbsen, Henrik, _d1828-1906 _965031 |
|
| 245 | 1 | 0 |
_a[Dramatische Werke] / _cHenrik Ibsen. |
| 260 |
_aLeipzig : _b[s.n., _c1920] ( _fDruck Gresner ; Schraum) |
||
| 300 |
_a3 v. ; _c20 cm. |
||
| 505 | 8 | _aContiene: V. I: Die Hutsen der Gessellschaft ; Gespreuster ; Die Wildente. -- V.II: Nora : (ein Pupperheim) ; Ein Volksfeind ; Rosmersholm. -- V. III: Die Meerfran ; Hedda Gabler ; Baumister Solness | |
| 852 |
_aES-MaACL _jA-4865-67 _bR.16751 |
||
| 999 |
_c82569 _d82569 |
||